000 00491nam a22001817a 4500
005 20251108171139.0
008 250721s1987 xx 000 0 ara d
082 1 4 _aط/551.4/الب
100 1 _aمطلق، البير
245 1 0 _aالأرض /
264 1 _aبيروت :
_bمكتبة لبنان،
_c1987.
300 _a32ص : مص
490 0 _aكتب الفراشة
650 1 7 _aالأرض
653 _aناشئون صغار (10-14) سنة
942 _2ddc
_cBK
999 _c57796
_d57796